000 00486nam a22001457a 4500
003 OSt
005 20211123113518.0
008 211123b ||||| |||| 00| 0 eng d
040 _cAIMIT LIBRARY
100 _aSundaram S, Sakthi; B L, Srinivas.
_d191914
_910773
245 _aSensory Data Enhanced Authentication For Accelerometer Sensor Based Access Control Systems.
260 _aVaniyambadi, Tamilnadu.
_bSrinivas B L.
_c2021
856 _uwww.siittechnologies.com
942 _2ddc
_cPRO
999 _c220728
_d220728